000 01403cam a2200301 4500
001 L135768
002 11593
008 061208n2006 000 0 eng u
020 _a0750680164
035 _a(Sirsi) u135768
041 0 _aeng
100 1 _aSmith, Jim
245 0 0 _aBuilding cost planning for the design team
_h[electronic resource]
250 _a2nd ed.
260 _aOxford
_bButterworn Heinemann
_c2006
300 _aeBook
350 _a24.99
505 0 _aBuilding and construction industry characteristics -- The development process -- Design economics -- An overview of cost planning stages -- Sources of building cost data -- Cost planning the pre-stage (briefing) stage: budget setting -- Cost planning the outline proposal stage -- Cost planning the detailed proposal stage -- Cost planning the tender documentation stages
520 _aDiscusses decisions made in business cost planning where design, cost, quality, time, value or sustainability are seen to be interrelated. Focuses on the context of business cost planning and the design stages.
520 _aSuperseded by 3 ed (ISBN 9781315695129)
590 _aKA
650 2 4 _aEBOOK
651 4 _aInternational
690 _aBUILT ENVIRONMENT-BUILDING COSTS
700 1 _aJaggar, David
856 4 8 _uhttps://www.vlebooks.com/
_zView on VLEbooks. Logins for members only from [email protected]
942 _n0
999 _c106200
_d106200